000 00382nam a2200157Ia 4500
008 221030s9999 xx 000 0 und d
020 _a8121922380
041 _aEnglish
082 _a105.23
_bGup
100 _aB. R. Gupta
245 0 _aPower System Analysis & Design
_cby B. R. Gupta
260 _bS. Chand & Co.
_aNew Delhi
_c2004
300 _a644
650 _aEE
942 _cBK
999 _c1675
_d1675